000 00639cam a22002411 4500
001 sa 65001836
003 DLC
005 20260227112112.0
008 890503s1964 ii b b 000 0 hino
010 _asa 65001836
035 _a(OCoLC)19649939
040 _aDLC
_cWaU
_dDLC
042 _apremarc
043 _aa-ii---
050 0 0 _aPK1970.Z9
_bD47
100 1 _aSharma, Shri Ram,
_d1920-
245 1 0 _aDakkhinī Hindī kā udbhava aura vikāsa.
260 _c[1964]
300 _a16, 318 p.
_bmap.
_c25 cm.
500 _aIn Hindu.
504 _aBibliography: p. [281]-286.
650 0 _aHindi language
_xDialects
_zIndia
_zDeccan.
999 _c62271
_d62271